Transistor Circuit Analysis / (Record no. 190619)
[ view plain ]
| 000 -LEADER | |
|---|---|
| fixed length control field | 01240 a2200169 4500 |
| 003 - CONTROL NUMBER IDENTIFIER | |
| control field | Nust |
| 005 - DATE AND TIME OF LATEST TRANSACTION | |
| control field | 20221202151543.0 |
| 040 ## - CATALOGING SOURCE | |
| Transcribing agency | Nust |
| 082 ## - DEWEY DECIMAL CLASSIFICATION NUMBER | |
| Classification number | 621.381528,JOY |
| 100 ## - MAIN ENTRY--PERSONAL NAME | |
| Personal name | Joyce & Clarke |
| 9 (RLIN) | 104030 |
| 245 ## - TITLE STATEMENT | |
| Title | Transistor Circuit Analysis / |
| Statement of responsibility, etc. | Joyce & Clarke |
| 260 ## - PUBLICATION, DISTRIBUTION, ETC. | |
| Place of publication, distribution, etc. | USA |
| Name of publisher, distributor, etc. | Addison Wesley |
| Date of publication, distribution, etc. | 1969 |
| 300 ## - PHYSICAL DESCRIPTION | |
| Extent | xiv , 461 |
| 505 ## - FORMATTED CONTENTS NOTE | |
| Formatted contents note | A Brief Survey Of Transistor Physics (Page-1), Transistors As Circuit Elements (Page-28), DC Biasing And Bias Stability (Page-66), Low Frequency Small Signal Transistor Amplifiers (Page-121), Power Amplifiers (Page-158), Regulated Power Supplies (Page-204), High Frequency And Noise Models For Transistors (Page-223), Broadband Low Pass Transistor Amplifiers (Page-247), Transistor Bandpass Amplifiers (Page-289),Transistors As Switches (Page-308), Collector To Base RC Coupled Astable And Monostable Multivibrators (Page-349), Transistor Emitter Coupled Monostable Multi Vibrators (Page-358), Bloacking Oscillators And Transformer Coupled Square Wave Oscillators (Page-376), Transistor Sweep Circuits (Page-387), Negative Resistance Devices In Switching Circuits (Page-398), Sine Wave Oscillators And Active Networks (Page-422). |
| 650 ## - SUBJECT ADDED ENTRY--TOPICAL TERM | |
| Topical term or geographic name entry element | Telecommunication Engineering |
| 942 ## - ADDED ENTRY ELEMENTS (KOHA) | |
| Source of classification or shelving scheme | |
| Koha item type | Book |
| Withdrawn status | Lost status | Source of classification or shelving scheme | Damaged status | Not for loan | Permanent Location | Current Location | Shelving location | Date acquired | Full call number | Barcode | Date last seen | Price effective from | Koha item type | Public note |
|---|---|---|---|---|---|---|---|---|---|---|---|---|---|---|
| Military College of Signals (MCS) | Military College of Signals (MCS) | General Stacks | 12/12/2016 | 621.381528,JOY | MCS21277 | 12/08/2016 | 12/12/2016 | Book | Almirah No.34, Shelf No.1 |
